000 00670nam a2200217Ia 4500
003 GCL
008 140319s9999 xx 000 0 ara d
020 _a1903270977
040 _aGCL /
_cGCL
082 0 4 _a741.5
_bش ف
100 1 _aمختار السويفى
245 1 0 _aفن الكاريكاتير /
_cمختار السويفى
700 1 _aشوقية هجرس
250 _aالاولى
260 _aالقاهرة :
_bالدار المصرية اللبنانية ،
_c2005
300 _a223 ص ؛
_c24 سم
650 0 4 _aصور الاشخاص
650 0 4 _aالكاريكاتير - فن
650 0 4 _aكاريكاتيروكارتون
942 _2ddc
_cBK
999 _c8018
_d8018